The life of Antony and the letter to Marcellinus /

محفوظ في:

المؤلف الرئيسي: Athanasius, Saint, Patriarch of Alexandria, -373 (مؤلف)

مؤلفون آخرون: Athanasius, Saint, Patriarch of Alexandria, d. 373. Epistolē pros Markellinon. English. 1980., Gregg, Robert C., Clebsch, William A.

التنسيق: كتاب

اللغة: English
Greek

منشور في: New York : Paulist Press, c1980.

سلاسل: The Classics of Western spirituality.

الموضوعات:

الوسوم: إضافة وسم

لا توجد وسوم, كن أول من يضع وسما على هذه التسجيلة!

رقم الطلب: BR1720 .A6 A8313 1980

LEADER 01263nam a2200349 i 4500
001 3899
003 OSt
005 20251015081746.0
008 130303s1980 nyua 001 0 eng d
010 |a 79056622 
020 |a 0809122952  
035 |a ocm06421297 
040 |c ARCE Library 
041 1 |a eng  |h gre 
043 |a f-ua--- 
050 4 |a BR1720 .A6 A8313 1980 
100 0 |a Athanasius,  |c Saint, Patriarch of Alexandria,  |d -373,  |e author 
240 1 0 |a Life of St. Antony.  |l English 
245 1 4 |a The life of Antony and the letter to Marcellinus /  |c Athanasius ; translation and introduction by Robert C. Gregg ; pref. by William A. Clebsch. 
264 1 |a New York :   |b Paulist Press,   |c c1980. 
300 |a xxi, 166 pages :   |b map ;   |c 23 cm. 
490 0 |a The Classics of Western spirituality. 
500 |a Includes indexes. 
600 0 0 |a Anthony,  |c of Egypt, Saint,  |d approximately 250-355 or 356. 
630 0 0 |a Bible.  |p O.T.  |p Psalms  |x Criticism, interpretation, etc. 
650 0 |a Christian saints  |z Egypt. 
700 0 2 |a Athanasius,   |c Saint, Patriarch of Alexandria,   |d d. 373. Epistolē pros Markellinon. English. 1980. 
700 1 |a Gregg, Robert C. 
700 1 |a Clebsch, William A.,  |9 28117 
901 |a reviewed 
942 |c BK  |2 lcc 
999 |c 3158  |d 3158